Mining and mineral processing / (Record no. 746)

MARC details
000 -LEADER
fixed length control field 00538nam a2200169 4500
001 - CONTROL NUMBER
control field 1059
005 - DATE AND TIME OF LATEST TRANSACTION
control field 20181127162627.0
020 00 - INTERNATIONAL STANDARD BOOK NUMBER
International Standard Book Number
090 00 - LOCALLY ASSIGNED LC-TYPE CALL NUMBER (OCLC); LOCAL CALL NUMBER (RLIN)
Classification number (OCLC) (R) ; Classification number, CALL (RLIN) (NR) 333.765 N27711b 1999
110 ## - MAIN ENTRY--CORPORATE NAME
Corporate name or jurisdiction name as entry element National Environment Commission.
Subordinate unit
Location of meeting
Date of meeting or treaty signing
Relator term
Number of part/section/meeting
Name of part/section of a work
245 00 - TITLE STATEMENT
Title Mining and mineral processing /
Remainder of title
Statement of responsibility, etc. National Environment Commission.
Medium
260 00 - PUBLICATION, DISTRIBUTION, ETC.
Place of publication, distribution, etc. Thimphu :
Name of publisher, distributor, etc. National Environment Commission.
Date of publication, distribution, etc. 1999.
300 00 - PHYSICAL DESCRIPTION
Extent v, 26 p.
500 00 - GENERAL NOTE
General note In English.
650 ## - SUBJECT ADDED ENTRY--TOPICAL TERM
Topical term or geographic name entry element Mines and mineral resources -- Bhutan.
Form subdivision
General subdivision
Chronological subdivision
Geographic subdivision
Source of heading or term
Topical term or geographic name entry element Environmental policy.
General subdivision
Holdings
Withdrawn status Lost status Source of classification or shelving scheme Damaged status Not for loan Collection code Home library Current library Shelving location Serial Enumeration / chronology Inventory number Total Checkouts Full call number Barcode Date last seen Date last checked out Price effective from Koha item type
    Dewey Decimal Classification     Main TEST RTC Library RTC Library Main opac 1836 1 338.2 NAT 30001799 14/11/2019 05/11/2019 27/11/2018 Main
Royal Thimphu College || All Right Reserved